|
|
|
|
| LEADER |
01722nam a2200397 a 4500 |
| 001 |
EBC1134952 |
| 003 |
MiAaPQ |
| 005 |
20200520144314.0 |
| 006 |
m o d | |
| 007 |
cr cn||||||||| |
| 008 |
110715s2011 rh a sb 000 0 eng d |
| 010 |
|
|
|z 2011349361
|
| 020 |
|
|
|z 9781779221513
|
| 020 |
|
|
|a 9781779221582 (electronic bk.)
|
| 035 |
|
|
|a (MiAaPQ)EBC1134952
|
| 035 |
|
|
|a (Au-PeEL)EBL1134952
|
| 035 |
|
|
|a (CaPaEBR)ebr10498112
|
| 035 |
|
|
|a (CaONFJC)MIL323828
|
| 035 |
|
|
|a (OCoLC)830166540
|
| 040 |
|
|
|a MiAaPQ
|c MiAaPQ
|d MiAaPQ
|
| 043 |
|
|
|a f-rh---
|
| 050 |
|
4 |
|a HC910
|b .B49 2011
|
| 245 |
0 |
0 |
|a Beyond the enclave
|h [electronic resource] :
|b towards a pro-poor and inclusive development strategy for Zimbabwe /
|c edited by Godfrey Kanyenze ... [et al.].
|
| 260 |
|
|
|a Harare :
|b Weaver Press in association with Alternatives to Neo-liberalism in Southern Africa, Labour & Economic Development Research Institute, Zimbabwe and the Zimbabwe Congress of Trade Unions,
|c 2011.
|
| 300 |
|
|
|a xii, 532 p. :
|b ill.
|
| 504 |
|
|
|a Includes bibliographical references.
|
| 533 |
|
|
|a Electronic reproduction. Ann Arbor, MI : ProQuest, 2015. Available via World Wide Web. Access may be limited to ProQuest affiliated libraries.
|
| 651 |
|
0 |
|a Zimbabwe
|x Economic policy.
|
| 651 |
|
0 |
|a Zimbabwe
|x Economic conditions
|y 1980-
|
| 655 |
|
4 |
|a Electronic books.
|
| 700 |
1 |
|
|a Kanyenze, Godfrey.
|
| 710 |
2 |
|
|a Alternatives to Neo-Liberalism in Southern Africa.
|
| 710 |
2 |
|
|a Labour & Economic Development Research Institute Zimbabwe.
|
| 710 |
2 |
|
|a Zimbabwe Congress of Trade Unions.
|
| 710 |
2 |
|
|a ProQuest (Firm)
|
| 856 |
4 |
0 |
|u https://ebookcentral.proquest.com/lib/matrademy/detail.action?docID=1134952
|z Click to View
|